[Event "DVM U14w 2016"]
[Site "Düsseldorf GER"]
[Date "2016.12.28"]
[Round "3"]
[White "Fricke, Edna Marlene"]
[Black "Neumann, Tina"]
[Result "1/2-1/2"]
[Termination "normal"]
[Board "9.2"]
[WhiteElo "1376"]
[BlackElo "1516"]
[WhiteTeam "SV SF Friedrichshagen"]
[BlackTeam "Meuselwitzer SV"]
[PlyCount "88"]
[WhiteFideId "12988839"]
[BlackFideId "16212371"]
[EventCountry "GER"]
[EventRounds "7"]
[EventType "team-swiss"]
[EventDate "2016.12.26"]

1. e4 d5 2. exd5 Qxd5 3. Nc3 Qa5 4. d4 Nf6 5. Bc4 c6 6. Bd2 Bf5 7. Nd5 Qd8 8.
Nxf6+ gxf6 9. c3 e6 10. Ne2 Nd7 11. O-O Bd6 12. Re1 Qc7 13. Ng3 Bg6 14. Qf3
O-O-O 15. Rac1 h5 16. a3 h4 17. Nf1 Bh5 18. Qh3 Rdg8 19. Re4 Bg6 20. Rxh4 Rxh4
21. Qxh4 Qd8 22. Re1 Rh8 23. Qg4 f5 24. Qg5 Rh5 25. Qxd8+ Kxd8 26. Be2 Rh8 27.
g3 Rg8 28. Bf3 f4 29. Bg2 fxg3 30. Nxg3 Ke7 31. b4 a6 32. c4 Bd3 33. c5 Bc7 34.
Be3 Bc4 35. Bd2 Bd5 36. Bxd5 cxd5 37. Kg2 f5 38. Kf1 Kf6 39. f4 Nf8 40. Re2 Ng6
41. Rf2 Rh8 {(=)} 42. Kg2 Rh4 43. Ne2 Rg4+ 44. Kh1 Rh4 1/2-1/2

[Event "DVM U14w 2016"]
[Site "Düsseldorf GER"]
[Date "2016.12.28"]
[Round "3"]
[White "Meyer, Jessica"]
[Black "de Veer, Mara"]
[Result "1-0"]
[Termination "normal"]
[Board "9.3"]
[WhiteElo "1402"]
[BlackElo "969"]
[WhiteTeam "Meuselwitzer SV"]
[BlackTeam "SV SF Friedrichshagen"]
[PlyCount "103"]
[WhiteFideId "16230019"]
[BlackFideId "16217349"]
[EventCountry "GER"]
[EventRounds "7"]
[EventType "team-swiss"]
[EventDate "2016.12.26"]

1. e4 c5 2. c3 d6 3. d4 Nf6 4. Bd3 e6 5. Bg5 Be7 6. Nf3 Nbd7 7. O-O O-O 8. Qc2
e5 9. dxe5 Nxe5 10. Nxe5 dxe5 11. Nd2 b6 12. Nf3 Bb7 13. Nxe5 Qc7 14. Nc4 Nxe4
15. Bxe7 Qxe7 16. Rfe1 f5 17. f3 b5 18. fxe4 bxc4 19. Bxc4+ Kh8 20. exf5 Qg5
21. Bd3 Bd5 22. Re5 Rad8 23. c4 Bb7 24. Be4 Bxe4 25. Qxe4 Rc8 26. Rd1 Rc7 27.
Re8 Qf6 28. Rxf8+ Qxf8 29. h3 Rc8 30. Re1 a5 31. g4 h6 32. Qe7 Qxe7 33. Rxe7
Rb8 34. b3 Kg8 35. Ra7 Rc8 36. Rxa5 Kf8 37. Kf2 Kf7 38. Ra6 Rd8 39. Ke2 Re8+
40. Kd3 Re5 41. Ra7+ Kf6 42. a4 Re8 43. a5 Rb8 44. Ra6+ Ke7 45. Kc3 Kd7 46.
Ra7+ Kc8 47. Rxg7 Ra8 48. Rg8+ Kb7 49. Rxa8 Kxa8 50. f6 Kb7 51. f7 Kc7 52. f8=Q
1-0

[Event "DVM U14w 2016"]
[Site "Düsseldorf GER"]
[Date "2016.12.28"]
[Round "3"]
[White "Schilay, Maria"]
[Black "Schneider, Xenia"]
[Result "1-0"]
[Termination "normal"]
[Board "10.1"]
[WhiteElo "1264"]
[BlackElo "1342"]
[WhiteTeam "SK Neumarkt"]
[BlackTeam "SK Endingen"]
[PlyCount "55"]
[WhiteFideId "12942979"]
[BlackFideId "12911984"]
[EventCountry "GER"]
[EventRounds "7"]
[EventType "team-swiss"]
[EventDate "2016.12.26"]

1. e4 c6 2. Nf3 d5 3. Nc3 dxe4 4. Nxe4 Nf6 5. Ng3 h5 6. h4 Bg4 7. d4 Nbd7 8.
Bc4 e6 9. Be3 c5 10. c3 cxd4 11. Bxd4 Qc7 12. Bb3 e5 13. Qe2 Bxf3 14. gxf3 Be7
15. Be3 O-O 16. O-O-O a5 17. Nf5 Rfe8 18. Rhg1 g6 19. Nh6+ Kf8 20. Bxf7 Rec8
21. Bxg6 Bd6 22. Bf5 a4 23. Bxd7 Nxd7 24. Qd3 Ba3 25. Qf5+ Ke8 26. Qf7+ Kd8 27.
Rg8+ Bf8 28. Rxf8# 1-0

[Event "DVM U14w 2016"]
[Site "Düsseldorf GER"]
[Date "2016.12.28"]
[Round "3"]
[White "Wagner, Anna"]
[Black "Adelhardt, Lisa"]
[Result "0-1"]
[Termination "normal"]
[Board "10.2"]
[WhiteElo "1133"]
[BlackElo "1214"]
[WhiteTeam "SK Endingen"]
[BlackTeam "SK Neumarkt"]
[PlyCount "136"]
[WhiteFideId "12983489"]
[BlackFideId "16235380"]
[EventCountry "GER"]
[EventRounds "7"]
[EventType "team-swiss"]
[EventDate "2016.12.26"]

1. e4 e5 2. Nf3 Nc6 3. Bc4 Bc5 4. c3 Nf6 5. d4 exd4 6. cxd4 Bb4+ 7. Nc3 d5 8.
exd5 Nxd5 9. Qe2+ Be6 10. Bd2 Bxc3 11. bxc3 O-O 12. O-O Re8 13. Rfe1 Nf6 14.
Qd3 Bxc4 15. Qxc4 Qd7 16. Re3 Ng4 17. Re2 Na5 18. Qd3 Nc6 19. Ng5 Nf6 20. Rae1
Re7 21. Rxe7 Nxe7 22. Qf3 c6 23. c4 Ng6 24. d5 cxd5 25. cxd5 Qxd5 26. Qxd5 Nxd5
27. Rb1 b6 28. Rb5 Rc8 29. Nf3 Nf6 30. Rb3 Re8 31. Kf1 h6 32. Be3 Rb8 33. a4
Nd5 34. Bd4 a6 35. Ke2 Ngf4+ 36. Kf1 Ng6 37. g3 b5 38. Ke2 f6 39. Kd3 Nge7 40.
Ke4 Kf7 41. Bc5 g6 42. Nd4 Ra8 43. Bd6 bxa4 44. Ra3 h5 45. Rxa4 Nc3+ 46. Kd3
Nxa4 47. f4 Nb2+ 48. Ke3 Nc4+ 49. Kd3 Nxd6 50. h3 Nd5 51. Ne2 a5 52. Nd4 a4 53.
Nc2 Rb8 54. Kd4 Ne7 55. g4 Rb2 56. Na3 Rb3 57. Nc2 a3 58. Nxa3 Rxa3 59. gxh5
gxh5 60. h4 Rh3 61. f5 Rxh4+ 62. Kc5 Rc4+ 63. Kb6 h4 64. Ka5 h3 65. Kb6 h2 66.
Ka5 h1=Q 67. Kb6 Nec8+ 68. Ka5 Qa1# 0-1

[Event "DVM U14w 2016"]
[Site "Düsseldorf GER"]
[Date "2016.12.28"]
[Round "3"]
[White "Burger, Daiana"]
[Black "Henninger, Claire"]
[Result "1-0"]
[Termination "normal"]
[Board "10.3"]
[WhiteElo "947"]
[BlackElo "1033"]
[WhiteTeam "SK Neumarkt"]
[BlackTeam "SK Endingen"]
[PlyCount "139"]
[WhiteFideId "16217233"]
[BlackFideId "16200659"]
[EventCountry "GER"]
[EventRounds "7"]
[EventType "team-swiss"]
[EventDate "2016.12.26"]

1. e4 c6 2. Nc3 d5 3. e5 Bf5 4. d4 e6 5. Bd3 Ne7 6. Nf3 Bxd3 7. Qxd3 Nf5 8. Bg5
Be7 9. Bxe7 Qxe7 10. O-O-O O-O 11. g4 Nh4 12. Rhg1 Nxf3 13. Qxf3 h6 14. Qe3 Qg5
15. f4 Qh4 16. h3 Qe7 17. g5 h5 18. h4 g6 19. Rdf1 Nd7 20. Ne2 a5 21. Ng3 a4
22. a3 f5 23. gxf6 Nxf6 24. exf6 Qxf6 25. Nxh5 Qf5 26. Rg5 Qf7 27. Rfg1 Kh7 28.
Rxg6 Qxg6 29. Rxg6 Kxg6 30. Ng3 Kf6 31. Qe5+ Ke7 32. Qc7+ Kf6 33. Qxb7 Rac8 34.
Qa6 c5 35. Qxa4 Ra8 36. Qc6 cxd4 37. f5 d3 38. Qxe6+ Kg7 39. Qg6+ Kh8 40. cxd3
Rac8+ 41. Kb1 Rfe8 42. Qh5+ Kg7 43. Qg6+ Kf8 44. f6 Re1+ 45. Ka2 Re6 46. Qg7+
Ke8 47. d4 Kd8 48. f7 Re7 49. Qf8+ Kd7 50. Qxc8+ Kxc8 51. f8=Q+ Kd7 52. Qf5+
Kd6 53. Qf8 Ke6 54. h5 Rf7 55. Qh6+ Rf6 56. Qe3+ Kf7 57. h6 Kg8 58. Qg5+ Kf7
59. Qg7+ Ke6 60. h7 Rf7 61. Qg4+ Ke7 62. h8=R Kf6 63. Rh6+ Ke7 64. Qe6+ Kf8 65.
Qxd5 Ke7 66. Nf5+ Ke8 67. Qa8+ Kd7 68. Qb7+ Ke8 69. Rh8+ Rf8 70. Qe7# 1-0

[Event "DVM U14w 2016"]
[Site "Düsseldorf GER"]
[Date "2016.12.28"]
[Round "3"]
[White "Reinbold, Sorah Marie"]
[Black "Burger, Radena"]
[Result "1-0"]
[Termination "normal"]
[Board "10.4"]
[WhiteElo "1001"]
[BlackElo "719"]
[WhiteTeam "SK Endingen"]
[BlackTeam "SK Neumarkt"]
[PlyCount "129"]
[WhiteFideId "12983497"]
[BlackFideId "16217241"]
[EventCountry "GER"]
[EventRounds "7"]
[EventType "team-swiss"]
[EventDate "2016.12.26"]

1. e4 e5 2. Nf3 Nf6 3. Nxe5 d6 4. Nf3 Nxe4 5. Qe2 Be7 6. Qxe4 O-O 7. Be2 d5 8.
Qd4 Bf6 9. Qb4 Nc6 10. Qb5 a6 11. Qb3 Re8 12. Nc3 Na5 13. Qa4 b6 14. O-O Bd7
15. Qf4 Bc6 16. Re1 d4 17. Nb1 Bb5 18. d3 Nc6 19. Na3 Nb4 20. Qd2 Nd5 21. c4
Ne7 22. cxb5 axb5 23. Nxb5 Ra5 24. a4 c6 25. Na3 Rxa4 26. b3 Ra5 27. Bb2 Rb5
28. Nxb5 cxb5 29. Qb4 Nd5 30. Qxb5 Nc7 31. Qa4 b5 32. Qb4 Qd7 33. Nxd4 Nd5 34.
Qxb5 Qxb5 35. Nxb5 Nb4 36. Rab1 Nc2 37. Nd6 Re6 38. Rf1 Rxe2 39. Bxf6 gxf6 40.
h3 Re6 41. Rbc1 Nd4 42. Rc8+ Kg7 43. Rd8 Nc6 44. Rd7 Nb8 45. Rxf7+ Kg6 46. Rb7
Rxd6 47. Rxb8 Rxd3 48. b4 Rb3 49. b5 Rb4 50. b6 Rb5 51. b7 Rb6 52. Rc1 h5 53.
Rc7 Rb1+ 54. Kh2 Rxb7 55. Rcxb7 Kg5 56. Rg8+ Kf5 57. Rb5+ Ke4 58. Re8+ Kd4 59.
Ra5 Kc4 60. Re4+ Kd3 61. Raa4 f5 62. Re3+ Kd2 63. Ra2+ Kd1 64. f4 h4 65. Ree2
1-0

[Event "DVM U14w 2016"]
[Site "Düsseldorf GER"]
[Date "2016.12.28"]
[Round "4"]
[White "Müdder, Melanie"]
[Black "Rosenhain, Rachela"]
[Result "1-0"]
[Termination "normal"]
[Board "1.1"]
[WhiteElo "1604"]
[BlackElo "1864"]
[WhiteClock "00:27:43"]
[BlackClock "00:18:16"]
[WhiteTeam "SG Solingen"]
[BlackTeam "Schachpinguine Berlin"]
[PlyCount "81"]
[WhiteFideId "12994103"]
[BlackFideId "12957615"]
[EventCountry "GER"]
[EventRounds "7"]
[EventType "team-swiss"]
[EventDate "2016.12.26"]

1. e4 {[%clk 1:30:58]} e5 {[%clk 1:30:54]} 2. Nf3 {[%clk 1:31:21]} Nc6 {[%clk
1:31:19]} 3. c3 {[%clk 1:31:44]} d5 {[%clk 1:31:32]} 4. Qa4 {[%clk 1:32:01]} f6
{[%clk 1:24:05]} 5. Bb5 {[%clk 1:26:43]} Nge7 {[%clk 1:23:48]} 6. O-O {[%clk
1:24:54]} a6 {[%clk 1:23:06]} 7. exd5 {[%clk 1:16:21]} axb5 {[%clk 1:22:15]} 8.
Qxa8 {[%clk 1:16:30]} Nxd5 {[%clk 1:22:38]} 9. b4 {[%clk 1:15:37]} Nb6 {[%clk
1:18:10]} 10. Qa3 {[%clk 1:14:43]} Be6 {[%clk 1:17:51]} 11. Qb2 {[%clk
1:06:00]} Qd3 {[%clk 1:16:38]} 12. Na3 {[%clk 1:02:01]} e4 {[%clk 1:13:37]} 13.
Ne1 {[%clk 0:57:11]} Qe2 {[%clk 1:10:16]} 14. d4 {[%clk 0:41:59]} exd3 {[%clk
1:10:25]} 15. Nf3 {[%clk 0:41:59]} Qxb2 {[%clk 1:05:36]} 16. Bxb2 {[%clk
0:42:10]} Na4 {[%clk 1:05:54]} 17. Rae1 {[%clk 0:31:30]} Kf7 {[%clk 1:05:38]}
18. Ba1 {[%clk 0:30:58]} Bd6 {[%clk 0:56:48]} 19. Nxb5 {[%clk 0:25:21]} Bf4
{[%clk 0:54:57]} 20. Re4 {[%clk 0:21:55]} Bh6 {[%clk 0:52:58]} 21. Nbd4 {[%clk
0:18:50]} Nxd4 {[%clk 0:51:57]} 22. Rxd4 {[%clk 0:18:41]} Nb6 {[%clk 0:47:43]}
23. a4 {[%clk 0:15:51]} Bb3 {[%clk 0:41:32]} 24. a5 {[%clk 0:15:00]} Nd5 {[%clk
0:41:12]} 25. c4 {[%clk 0:12:54]} Nf4 {[%clk 0:41:08]} 26. Rd7+ {[%clk
0:12:01]} Kg6 {[%clk 0:40:05]} 27. g3 {[%clk 0:08:21]} Ne2+ {[%clk 0:37:37]}
28. Kg2 {[%clk 0:08:17]} Bxc4 {[%clk 0:37:05]} 29. Rd1 {[%clk 0:07:56]} Rc8
{[%clk 0:32:56]} 30. Nh4+ {[%clk 0:07:00]} Kg5 {[%clk 0:31:29]} 31. Nf3+ {[%clk
0:05:30]} Kg6 {[%clk 0:31:42]} 32. Re7 {[%clk 0:04:23]} Bb5 {[%clk 0:28:17]}
33. Kh3 {[%clk 0:03:17]} Bc6 {[%clk 0:25:05]} 34. Nh4+ {[%clk 0:02:52]} Kh5
{[%clk 0:24:22]} 35. f4 {[%clk 0:02:30]} f5 {[%clk 0:22:01]} 36. Nxf5 {[%clk
0:02:06]} Bf3 {[%clk 0:20:47]} 37. Nxg7+ {[%clk 0:01:33]} Bxg7 {[%clk 0:20:19]}
38. Rxg7 {[%clk 0:00:40]} h6 {[%clk 0:17:41]} 39. g4+ {[%clk 0:00:39]} Bxg4+
{[%clk 0:18:06]} 40. Rxg4 {[%clk 0:00:58]} Rf8 {[%clk 0:18:16]} 41. Be5 {[%clk
0:27:43]} 1-0

[Event "DVM U14w 2016"]
[Site "Düsseldorf GER"]
[Date "2016.12.28"]
[Round "4"]
[White "Schnabel, Luise"]
[Black "Berelowitsch, Dana"]
[Result "1/2-1/2"]
[Termination "normal"]
[Board "1.2"]
[WhiteElo "1678"]
[BlackElo "1458"]
[WhiteClock "00:16:12"]
[BlackClock "00:16:06"]
[WhiteTeam "Schachpinguine Berlin"]
[BlackTeam "SG Solingen"]
[PlyCount "96"]
[WhiteFideId "12943347"]
[BlackFideId "12977144"]
[EventCountry "GER"]
[EventRounds "7"]
[EventType "team-swiss"]
[EventDate "2016.12.26"]

1. e4 {[%clk 1:30:57]} c5 {[%clk 1:30:54]} 2. Nf3 {[%clk 1:31:20]} g6 {[%clk
1:31:17]} 3. d4 {[%clk 1:31:40]} cxd4 {[%clk 1:31:40]} 4. Nxd4 {[%clk 1:32:02]}
Bg7 {[%clk 1:32:03]} 5. c4 {[%clk 1:32:11]} Nc6 {[%clk 1:31:47]} 6. Be3 {[%clk
1:32:00]} Nf6 {[%clk 1:31:14]} 7. Nc3 {[%clk 1:32:09]} Ng4 {[%clk 1:26:45]} 8.
Nxc6 {[%clk 1:14:56]} Nxe3 {[%clk 1:25:47]} 9. Nxd8 {[%clk 1:14:35]} Nxd1
{[%clk 1:26:04]} 10. Nxd1 {[%clk 1:10:34]} Kxd8 {[%clk 1:26:04]} 11. Rc1 {[%clk
1:10:13]} d6 {[%clk 1:20:03]} 12. Be2 {[%clk 1:06:31]} Bd7 {[%clk 1:15:23]} 13.
b3 {[%clk 1:03:29]} Rc8 {[%clk 1:10:50]} 14. f3 {[%clk 0:54:57]} Bd4 {[%clk
1:07:25]} 15. Kd2 {[%clk 0:52:26]} Kc7 {[%clk 1:06:02]} 16. Ne3 {[%clk
0:48:04]} Kb8 {[%clk 1:04:39]} 17. Bd3 {[%clk 0:46:03]} a6 {[%clk 0:57:39]} 18.
Ke2 {[%clk 0:38:37]} Ka7 {[%clk 0:56:48]} 19. Rhd1 {[%clk 0:35:28]} Rhd8 {[%clk
0:51:23]} 20. Kf2 {[%clk 0:31:06]} h5 {[%clk 0:48:01]} 21. Be2 {[%clk 0:29:32]}
Bg7 {[%clk 0:43:52]} 22. Nd5 {[%clk 0:26:31]} e6 {[%clk 0:39:18]} 23. Ne3
{[%clk 0:24:35]} Bc6 {[%clk 0:38:54]} 24. Rc2 {[%clk 0:20:27]} Rc7 {[%clk
0:36:30]} 25. Rcd2 {[%clk 0:17:37]} Rcd7 {[%clk 0:36:31]} 26. Bf1 {[%clk
0:15:10]} Bh6 {[%clk 0:33:31]} 27. Rd4 {[%clk 0:12:52]} Bg7 {[%clk 0:24:31]}
28. R4d2 {[%clk 0:10:15]} Kb6 {[%clk 0:19:59]} 29. Nc2 {[%clk 0:08:07]} d5
{[%clk 0:17:13]} 30. exd5 {[%clk 0:06:59]} exd5 {[%clk 0:17:25]} 31. cxd5
{[%clk 0:06:36]} Rxd5 {[%clk 0:15:51]} 32. Rxd5 {[%clk 0:06:33]} Rxd5 {[%clk
0:15:55]} 33. Rxd5 {[%clk 0:06:51]} Bxd5 {[%clk 0:16:18]} 34. Nb4 {[%clk
0:06:18]} Be6 {[%clk 0:15:53]} 35. Ke3 {[%clk 0:05:43]} a5 {[%clk 0:12:03]} 36.
Nd3 {[%clk 0:05:17]} Kc6 {[%clk 0:11:48]} 37. h3 {[%clk 0:03:49]} Kd6 {[%clk
0:09:40]} 38. f4 {[%clk 0:02:14]} Bf5 {[%clk 0:06:42]} 39. Be2 {[%clk 0:01:34]}
Bd7 {[%clk 0:01:42]} 40. Bf3 {[%clk 0:00:42]} b6 {[%clk 0:01:08]} 41. g4 {[%clk
0:27:04]} hxg4 {[%clk 0:30:37]} 42. hxg4 {[%clk 0:27:20]} Bc8 {[%clk 0:26:55]}
43. g5 {[%clk 0:23:32]} Ba1 {[%clk 0:21:55]} 44. Bg2 {[%clk 0:18:54]} Bc3
{[%clk 0:17:52]} 45. Bf3 {[%clk 0:15:07]} Ba1 {[%clk 0:16:37]} 46. Bg2 {[%clk
0:15:49]} Bc3 {[%clk 0:16:01]} 47. Bf3 {[%clk 0:15:54]} Ba1 {[%clk 0:15:59]}
48. Bg2 {[%clk 0:16:12]} Bc3 {[%clk 0:16:06]} 1/2-1/2

[Event "DVM U14w 2016"]
[Site "Düsseldorf GER"]
[Date "2016.12.28"]
[Round "4"]
[White "Kublanov, Elizabeth"]
[Black "Grey, Andrea"]
[Result "1-0"]
[Termination "normal"]
[Board "1.3"]
[WhiteElo "1505"]
[BlackElo "1428"]
[WhiteClock "00:19:31"]
[BlackClock "00:01:07"]
[WhiteTeam "SG Solingen"]
[BlackTeam "Schachpinguine Berlin"]
[PlyCount "85"]
[WhiteFideId "12944564"]
[BlackFideId "12971880"]
[EventCountry "GER"]
[EventRounds "7"]
[EventType "team-swiss"]
[EventDate "2016.12.26"]

1. e4 {[%clk 1:30:57]} c5 {[%clk 1:30:51]} 2. Nf3 {[%clk 1:31:09]} Nc6 {[%clk
1:31:12]} 3. d4 {[%clk 1:31:18]} cxd4 {[%clk 1:31:33]} 4. Nxd4 {[%clk 1:31:37]}
g6 {[%clk 1:31:35]} 5. Nc3 {[%clk 1:31:38]} Bg7 {[%clk 1:31:46]} 6. Be3 {[%clk
1:31:38]} Nf6 {[%clk 1:30:50]} 7. Bc4 {[%clk 1:31:12]} a6 {[%clk 1:29:56]} 8.
Bb3 {[%clk 1:30:43]} d6 {[%clk 1:27:28]} 9. f3 {[%clk 1:30:33]} Qc7 {[%clk
1:24:18]} 10. Qd2 {[%clk 1:29:57]} Bd7 {[%clk 1:21:43]} 11. O-O-O {[%clk
1:29:17]} O-O {[%clk 1:17:24]} 12. h4 {[%clk 1:28:50]} Na5 {[%clk 1:14:02]} 13.
g4 {[%clk 1:23:27]} Nxb3+ {[%clk 1:12:19]} 14. Nxb3 {[%clk 1:23:44]} b5 {[%clk
1:11:52]} 15. h5 {[%clk 1:23:23]} b4 {[%clk 1:08:21]} 16. Nd5 {[%clk 1:21:53]}
Nxd5 {[%clk 1:07:16]} 17. exd5 {[%clk 1:21:52]} a5 {[%clk 1:05:46]} 18. hxg6
{[%clk 1:21:34]} fxg6 {[%clk 0:59:46]} 19. Qh2 {[%clk 1:19:56]} Kf7 {[%clk
0:56:34]} 20. Bh6 {[%clk 1:13:13]} Rg8 {[%clk 0:52:01]} 21. Bg5 {[%clk
1:01:36]} Rh8 {[%clk 0:45:58]} 22. Rde1 {[%clk 0:57:41]} Be5 {[%clk 0:37:19]}
23. f4 {[%clk 0:56:28]} Bf6 {[%clk 0:35:46]} 24. Bxf6 {[%clk 0:51:44]} exf6
{[%clk 0:35:37]} 25. f5 {[%clk 0:48:13]} a4 {[%clk 0:19:46]} 26. Nd2 {[%clk
0:45:49]} Rab8 {[%clk 0:16:22]} 27. Ne4 {[%clk 0:43:59]} Bb5 {[%clk 0:08:15]}
28. Nxd6+ {[%clk 0:42:39]} Kf8 {[%clk 0:06:57]} 29. fxg6 {[%clk 0:35:36]} h6
{[%clk 0:06:10]} 30. g7+ {[%clk 0:29:54]} Qxg7 {[%clk 0:03:57]} 31. Nxb5 {[%clk
0:29:04]} Rxb5 {[%clk 0:04:19]} 32. Qd6+ {[%clk 0:29:03]} Kg8 {[%clk 0:04:21]}
33. Re8+ {[%clk 0:28:34]} Kh7 {[%clk 0:04:49]} 34. Re7 {[%clk 0:28:22]} Rb7
{[%clk 0:04:10]} 35. Rxg7+ {[%clk 0:28:11]} Kxg7 {[%clk 0:04:17]} 36. Rf1
{[%clk 0:27:23]} Rf8 {[%clk 0:03:40]} 37. Re1 {[%clk 0:25:27]} Rbb8 {[%clk
0:03:02]} 38. Re7+ {[%clk 0:24:51]} Kg6 {[%clk 0:02:59]} 39. Qf4 {[%clk
0:23:21]} f5 {[%clk 0:01:31]} 40. gxf5+ {[%clk 0:19:04]} Kh5 {[%clk 0:00:40]}
41. Re3 {[%clk 0:19:08]} Rxf5 {[%clk 0:00:47]} 42. Qxf5+ {[%clk 0:19:13]} Kh4
{[%clk 0:01:07]} 43. Rh3# {[%clk 0:19:31]} 1-0

[Event "DVM U14w 2016"]
[Site "Düsseldorf GER"]
[Date "2016.12.28"]
[Round "4"]
[White "Zhou, Lepu Coco"]
[Black "Bashylina, Luisa"]
[Result "1/2-1/2"]
[Termination "normal"]
[Board "1.4"]
[WhiteElo "1645"]
[BlackElo "1550"]
[WhiteClock "00:52:07"]
[BlackClock "00:44:52"]
[WhiteTeam "Schachpinguine Berlin"]
[BlackTeam "SG Solingen"]
[PlyCount "50"]
[WhiteFideId "16217136"]
[BlackFideId "12983292"]
[EventCountry "GER"]
[EventRounds "7"]
[EventType "team-swiss"]
[EventDate "2016.12.26"]

1. e4 {[%clk 1:30:59]} e6 {[%clk 1:30:48]} 2. d4 {[%clk 1:31:22]} d5 {[%clk
1:31:02]} 3. Nc3 {[%clk 1:31:45]} Bb4 {[%clk 1:31:19]} 4. e5 {[%clk 1:32:04]}
b6 {[%clk 1:31:30]} 5. f4 {[%clk 1:32:10]} Qd7 {[%clk 1:30:13]} 6. Nf3 {[%clk
1:31:57]} Bf8 {[%clk 1:26:34]} 7. Be2 {[%clk 1:32:12]} Ba6 {[%clk 1:26:54]} 8.
O-O {[%clk 1:32:03]} Bxe2 {[%clk 1:27:08]} 9. Qxe2 {[%clk 1:32:25]} Ne7 {[%clk
1:27:32]} 10. Be3 {[%clk 1:32:32]} h5 {[%clk 1:27:23]} 11. h3 {[%clk 1:31:42]}
h4 {[%clk 1:26:41]} 12. Bf2 {[%clk 1:30:15]} Nf5 {[%clk 1:26:39]} 13. Nd1
{[%clk 1:28:15]} Nc6 {[%clk 1:26:06]} 14. c3 {[%clk 1:28:27]} Rc8 {[%clk
1:16:41]} 15. Ne3 {[%clk 1:28:22]} Nce7 {[%clk 1:16:56]} 16. Qe1 {[%clk
1:25:31]} Nxe3 {[%clk 1:16:46]} 17. Bxe3 {[%clk 1:23:58]} Nf5 {[%clk 1:17:10]}
18. Bf2 {[%clk 1:14:57]} Be7 {[%clk 1:17:49]} 19. Rd1 {[%clk 1:14:45]} c5
{[%clk 1:16:09]} 20. Kh2 {[%clk 1:04:14]} Qb5 {[%clk 1:05:57]} 21. b3 {[%clk
1:00:24]} a5 {[%clk 0:58:46]} 22. Qd2 {[%clk 0:57:51]} a4 {[%clk 0:49:31]} 23.
dxc5 {[%clk 0:54:11]} bxc5 {[%clk 0:49:36]} 24. c4 {[%clk 0:52:31]} dxc4 {[%clk
0:47:03]} 25. bxc4 {[%clk 0:52:07]} Qc6 {[%clk 0:44:52]} 1/2-1/2

[Event "DVM U14w 2016"]
[Site "Düsseldorf GER"]
[Date "2016.12.28"]
[Round "4"]
[White "Ehmann, Johanna"]
[Black "Dietz, Kristin"]
[Result "1/2-1/2"]
[Termination "normal"]
[Board "2.1"]
[WhiteElo "1686"]
[BlackElo "1617"]
[WhiteClock "00:52:50"]
[BlackClock "01:10:48"]
[WhiteTeam "SF Sasbach"]
[BlackTeam "USV Halle"]
[PlyCount "52"]
[WhiteFideId "12953130"]
[BlackFideId "12993743"]
[EventCountry "GER"]
[EventRounds "7"]
[EventType "team-swiss"]
[EventDate "2016.12.26"]

1. e4 {[%clk 1:30:58]} c5 {[%clk 1:30:52]} 2. Nf3 {[%clk 1:31:19]} d6 {[%clk
1:31:15]} 3. d4 {[%clk 1:31:39]} cxd4 {[%clk 1:31:36]} 4. Nxd4 {[%clk 1:31:59]}
Nf6 {[%clk 1:31:49]} 5. Nc3 {[%clk 1:32:14]} g6 {[%clk 1:32:09]} 6. f3 {[%clk
1:32:16]} Bg7 {[%clk 1:32:27]} 7. Be3 {[%clk 1:32:33]} O-O {[%clk 1:32:44]} 8.
Qd2 {[%clk 1:32:46]} Nc6 {[%clk 1:33:06]} 9. O-O-O {[%clk 1:32:55]} Nxd4 {[%clk
1:33:20]} 10. Bxd4 {[%clk 1:32:51]} Be6 {[%clk 1:33:43]} 11. Kb1 {[%clk
1:31:36]} Qa5 {[%clk 1:33:32]} 12. g4 {[%clk 1:30:04]} Rfc8 {[%clk 1:31:31]}
13. Nd5 {[%clk 1:24:33]} Qxd2 {[%clk 1:26:58]} 14. Nxf6+ {[%clk 1:21:57]} Bxf6
{[%clk 1:26:12]} 15. Rxd2 {[%clk 1:22:14]} Bg5 {[%clk 1:26:02]} 16. Rd1 {[%clk
1:21:21]} f6 {[%clk 1:24:43]} 17. h4 {[%clk 1:16:40]} Bf4 {[%clk 1:23:59]} 18.
Be2 {[%clk 1:15:29]} a5 {[%clk 1:23:47]} 19. Bc3 {[%clk 1:13:33]} a4 {[%clk
1:23:01]} 20. a3 {[%clk 1:11:27]} b5 {[%clk 1:16:46]} 21. Bb4 {[%clk 1:09:07]}
Rab8 {[%clk 1:15:55]} 22. h5 {[%clk 1:04:18]} g5 {[%clk 1:15:59]} 23. Rhf1
{[%clk 1:01:54]} Rb7 {[%clk 1:11:51]} 24. Bd3 {[%clk 0:57:15]} Bc4 {[%clk
1:10:43]} 25. Bxc4+ {[%clk 0:54:11]} bxc4 {[%clk 1:10:45]} 26. c3 {[%clk
0:52:50]} h6 {[%clk 1:10:48]} 1/2-1/2

[Event "DVM U14w 2016"]
[Site "Düsseldorf GER"]
[Date "2016.12.28"]
[Round "4"]
[White "Fritsch, Lea"]
[Black "Höglauer, Jenny"]
[Result "0-1"]
[Termination "normal"]
[Board "2.2"]
[WhiteElo "1428"]
[BlackElo "1643"]
[WhiteClock "00:08:32"]
[BlackClock "00:14:32"]
[WhiteTeam "USV Halle"]
[BlackTeam "SF Sasbach"]
[PlyCount "46"]
[WhiteFideId "16212436"]
[BlackFideId "12982598"]
[EventCountry "GER"]
[EventRounds "7"]
[EventType "team-swiss"]
[EventDate "2016.12.26"]

1. e4 {[%clk 1:30:59]} c5 {[%clk 1:30:49]} 2. Nf3 {[%clk 1:31:25]} a6 {[%clk
1:31:12]} 3. Nc3 {[%clk 1:31:17]} e6 {[%clk 1:31:26]} 4. d4 {[%clk 1:31:38]}
cxd4 {[%clk 1:31:32]} 5. Nxd4 {[%clk 1:32:04]} Qc7 {[%clk 1:31:21]} 6. Be3
{[%clk 1:30:43]} Nf6 {[%clk 1:31:00]} 7. Be2 {[%clk 1:29:49]} Bb4 {[%clk
1:30:49]} 8. Qd3 {[%clk 1:27:18]} Nxe4 {[%clk 1:28:58]} 9. Bd2 {[%clk 1:23:03]}
Nxc3 {[%clk 1:27:23]} 10. bxc3 {[%clk 1:19:39]} Be7 {[%clk 1:26:28]} 11. O-O
{[%clk 1:19:50]} b5 {[%clk 1:21:34]} 12. a4 {[%clk 1:16:55]} bxa4 {[%clk
1:16:26]} 13. Rxa4 {[%clk 1:17:11]} Bb7 {[%clk 1:11:10]} 14. Rb1 {[%clk
1:13:28]} O-O {[%clk 0:59:05]} 15. Qh3 {[%clk 0:52:29]} Rc8 {[%clk 0:45:04]}
16. Bd3 {[%clk 0:48:07]} g6 {[%clk 0:43:54]} 17. Qh6 {[%clk 0:42:32]} e5 {[%clk
0:30:19]} 18. Nf5 {[%clk 0:36:51]} Bf8 {[%clk 0:30:04]} 19. Qg5 {[%clk
0:34:52]} Bc6 {[%clk 0:27:23]} 20. Rg4 {[%clk 0:27:47]} d5 {[%clk 0:23:33]} 21.
Qh4 {[%clk 0:14:25]} e4 {[%clk 0:18:18]} 22. Nh6+ {[%clk 0:08:27]} Bxh6 {[%clk
0:15:13]} 23. Bxh6 {[%clk 0:08:32]} f5 {[%clk 0:14:32]} 0-1